| 000 -LEADER |
| fixed length control field |
00701nam a2200229 a 4500 |
| 008 - FIXED-LENGTH DATA ELEMENTS--GENERAL INFORMATION |
| fixed length control field |
190719s2012||||xxka|||g |||| 00| 0 eng|d |
| 020 ## - INTERNATIONAL STANDARD BOOK NUMBER |
| International Standard Book Number |
9781908833136 |
| Terms of availability |
£ 85.00 |
| 040 ## - CATALOGING SOURCE |
| Original cataloging agency |
IMU Kochi Library |
| Language of cataloging |
eng |
| 041 0# - LANGUAGE CODE |
| Language code of text/sound track or separate title |
eng |
| 044 ## - COUNTRY OF PUBLISHING/PRODUCING ENTITY CODE |
| MARC country code |
United Kingdom |
| 082 04 - DEWEY DECIMAL CLASSIFICATION NUMBER |
| Edition number |
23 |
| Classification number |
387.1068 |
| Item number |
In752 |
| 110 2# - MAIN ENTRY--CORPORATE NAME |
| Corporate name or jurisdiction name as entry element |
Institute of Chartered Shipbrokers |
| 245 10 - TITLE STATEMENT |
| Title |
Port and Terminal Management / |
| 250 ## - EDITION STATEMENT |
| Edition statement |
2011/12th Special Reprint ed. |
| 260 ## - PUBLICATION, DISTRIBUTION, ETC. (IMPRINT) |
| Place of publication, distribution, etc |
London : |
| Name of publisher, distributor, etc |
Institute of Chartered Shipbrokers , |
| Date of publication, distribution, etc |
2012 |
| 300 ## - PHYSICAL DESCRIPTION |
| Extent |
xvi, 144 p. |
| Other physical details |
: col. ill. |
| Dimensions |
; 30 cm. |
| 650 ## - SUBJECT ADDED ENTRY--TOPICAL TERM |
| Topical term or geographic name as entry element |
Marine terminals |
| General subdivision |
Management |
| Form subdivision |
Textbooks |
| 852 ## - LOCATION/CALL NUMBER |
| Location |
IMU Kochi Library |
| 904 ## - LOCAL DATA ELEMENT D, LDD (RLIN) |
| CATALOGER |
Rudra Ranjan |
| 905 ## - LOCAL DATA ELEMENT E, LDE (RLIN) |
| VERIFIER |
Rudra Ranjan |
| 942 ## - ADDED ENTRY ELEMENTS (KOHA) |
| Item type |
Books |